[Event "Braila Albulet Memorial (Women) 11th"]
[Site "Braila"]
[Date "2018.11.07"]
[Round "6"]
[White "Maria, Lia Alexandra"]
[Black "Hrib, Andrada Ioana"]
[Result "0-1"]
[WhiteElo "1479"]
[BlackElo "1770"]
[PlyCount "148"]
[EventDate "2018.11.03"]
[EventType "swiss"]
[EventRounds "9"]
[EventCountry "ROU"]
[SourceTitle "CBM 187 Extra"]
[Source "ChessBase"]
[SourceDate "2018.11.04"]
[SourceVersion "1"]
[SourceVersionDate "2018.11.04"]
[SourceQuality "1"]

1. d4 d5 2. c4 e6 3. Nf3 Nf6 4. Nc3 Be7 5. Bf4 0-0 6. e3 c5 7. Be2 a6 8. dxc5 Bxc5 9. cxd5 Nxd5 10. Nxd5 exd5 11. 0-0 Nc6 12. Rc1 Ba7 13. Ne5 Ne7 14. Nf3 Bf5 15. Nd4 Be4 16. Bc7 Qe8 17. Bd6 Qd7 18. Bg3 Bb8 19. Bxb8 Raxb8 20. Bg4 Qd6 21. Qe2 Qg6 22. Rfd1 Qb6 23. Nb3 Rfd8 24. Nc5 Bf5 25. Bf3 Rbc8 26. Nb3 Rxc1 27. Rxc1 Nc6 28. Nc5 h6 29. b3 Ne5 30. a3 a5 31. g4 Bg6 32. Bg2 Rc8 33. Nd3 Rxc1+ 34. Nxc1 Qc5 35. Qd1 Qxa3 36. Bxd5 b5 37. h3 Qc5 38. Bg2 f5 39. gxf5 Bxf5 40. Ne2 Kh7 41. Ng3 Bg6 42. h4 Bc2 43. Qd8 Ng4 44. Qd7 Nf6 45. Qd2 a4 46. bxa4 bxa4 47. Ne2 Bg6 48. Nc3 a3 49. Na2 Ne4 50. Qe2 Nc3 51. Qd2 Nxa2 52. Qxa2 Qc1+ 53. Kh2 Qb2 54. Bd5 Bb1 55. Qxb2 axb2 56. Kg3 Bc2 57. Ba2 b1Q 58. Bxb1 Bxb1 59. Kf4 Kg6 60. f3 Kf6 61. e4 Bc2 62. Kg4 Ke5 63. Kh5 Kf6 64. Kg4 Ke5 65. Kh5 Bd1 66. Kg4 Be2 67. h5 Bd1 68. Kg3 Ba4 69. Kh4 Kf4 70. Kh3 Be8 71. e5 Kxe5 72. Kg4 Bd7+ 73. Kh4 Kf5 74. f4 Be8 0-1

[Event "Braila Albulet Memorial (Women) 11th"]
[Site "Braila"]
[Date "2018.11.04"]
[Round "2"]
[White "Nistor, Valentina"]
[Black "Hrib, Andrada Ioana"]
[Result "1-0"]
[WhiteElo "1881"]
[BlackElo "1770"]
[PlyCount "93"]
[EventDate "2018.11.03"]
[EventType "swiss"]
[EventRounds "9"]
[EventCountry "ROU"]
[SourceTitle "CBM 187 Extra"]
[Source "ChessBase"]
[SourceDate "2018.11.04"]
[SourceVersion "1"]
[SourceVersionDate "2018.11.04"]
[SourceQuality "1"]

1. e4 e6 2. d4 d5 3. Nd2 Nf6 4. e5 Nfd7 5. Bd3 b6 6. c3 Ba6 7. Bc2 c5 8. Ne2 Nc6 9. Nf3 cxd4 10. cxd4 Nb4 11. Bb1 Rc8 12. a3 Bxe2 13. Kxe2 Nc6 14. Re1 b5 15. Kf1 h6 16. Bd3 Qb6 17. Be3 Be7 18. Rc1 0-0 19. Qd2 Na5 20. Bxh6 Rfe8 21. Rxc8 Rxc8 22. Bg5 Bf8 23. Qf4 Nc4 24. Qh4 g6 25. Rc1 Qb7 26. Rc2 a6 27. Bh6 Bg7 28. Qg5 Bxh6 29. Qxh6 Nf8 30. h4 Nb6 31. h5 Rxc2 32. Bxc2 Nc8 33. hxg6 fxg6 34. Bxg6 Qg7 35. Qxg7+ Kxg7 36. Bd3 Nb6 37. b3 Ng6 38. Bxg6 Kxg6 39. Ke2 a5 40. Nd2 Kf5 41. Kd3 Nc8 42. Nb1 b4 43. axb4 axb4 44. Nd2 Na7 45. Nf1 Nb5 46. Ne3+ Kg5 47. Nc2 1-0

[Event "EU-ch U18 Girls 27th"]
[Site "Mamaia"]
[Date "2017.09.07"]
[Round "3"]
[White "Hrib, Andrada Ioana"]
[Black "Weis, Olga"]
[Result "1/2-1/2"]
[WhiteElo "1759"]
[BlackElo "2005"]
[PlyCount "67"]
[EventDate "2017.09.05"]
[EventType "swiss"]
[EventRounds "9"]
[EventCountry "ROU"]
[SourceTitle "CBM 180 Extra"]
[Source "ChessBase"]
[SourceDate "2017.10.06"]
[SourceVersion "1"]
[SourceVersionDate "2017.10.06"]
[SourceQuality "1"]

1. Nf3 Nf6 2. c4 c5 3. Nc3 d5 4. cxd5 Nxd5 5. e4 Nc7 6. d4 cxd4 7. Qxd4 Qxd4 8. Nxd4 e5 9. Nf3 Nc6 10. Bc4 Bb4 11. Bd2 Bg4 12. 0-0 Bxf3 13. gxf3 0-0-0 14. Rfd1 Nd4 15. Kg2 Rhf8 16. a3 Ba5 17. b4 Bb6 18. Na4 Rd6 19. Nxb6+ Rxb6 20. f4 Rg6+ 21. Kh1 Nf3 22. fxe5 Nxe5 23. Be2 Rd8 24. Be3 b6 25. Rxd8+ Kxd8 26. Rg1 Rxg1+ 27. Kxg1 Ne6 28. f4 Nc6 29. Kf2 Ke7 30. Bd3 f6 31. Bc4 Ned4 32. Bd3 Ne6 33. Bc4 Ned4 34. Bd3 1/2-1/2

[Event "ROM-ch U18 Girls"]
[Site "Baile Felix"]
[Date "2017.02.04"]
[Round "3"]
[White "Toba, Andreea Valentina"]
[Black "Hrib, Andrada Ioana"]
[Result "1/2-1/2"]
[WhiteElo "1548"]
[BlackElo "1785"]
[PlyCount "54"]
[EventDate "2017.02.02"]
[EventType "swiss"]
[EventRounds "9"]
[EventCountry "ROU"]
[SourceTitle "CBM 176 Extra"]
[Source "ChessBase"]
[SourceDate "2017.03.02"]
[SourceVersion "1"]
[SourceVersionDate "2017.03.02"]
[SourceQuality "1"]

1. e4 e6 2. d4 d5 3. Nc3 Bb4 4. Nge2 Nf6 5. e5 Ne4 6. a3 Nxc3 7. Nxc3 Bxc3+ 8. bxc3 0-0 9. Bd3 f5 10. 0-0 c5 11. Re1 b6 12. Qf3 Ba6 13. dxc5 bxc5 14. c4 Bb7 15. Qg3 d4 16. Bg5 Qc7 17. h4 Nc6 18. h5 Rf7 19. h6 g6 20. Bf4 Ba6 21. Qf3 Bb7 22. Qg3 Ba6 23. Qf3 Bb7 24. Qg3 Na5 25. Bd2 Ba6 26. Qf3 Rc8 27. Qe2 Nc6 1/2-1/2

[Event "ROM-ch U16 Girls"]
[Site "Calimanesti Caciulata"]
[Date "2016.04.20"]
[Round "3"]
[White "Hrib, Andrada Ioana"]
[Black "Panainte, Andreea Bianca"]
[Result "1/2-1/2"]
[WhiteElo "1722"]
[BlackElo "1718"]
[PlyCount "50"]
[EventDate "2016.04.18"]
[EventType "swiss"]
[EventRounds "9"]
[EventCountry "ROU"]
[SourceTitle "CBM 172 Extra"]
[Source "ChessBase"]
[SourceDate "2016.06.21"]
[SourceVersion "1"]
[SourceVersionDate "2016.06.21"]
[SourceQuality "1"]

1. Nf3 d5 2. c4 e6 3. b3 Nf6 4. g3 c5 5. Bg2 Nc6 6. Bb2 Be7 7. 0-0 0-0 8. d3 a6 9. Nbd2 b5 10. e4 dxe4 11. dxe4 Bb7 12. e5 Nd7 13. Qe2 Qb6 14. Rfd1 Rfd8 15. h4 Na5 16. Rac1 bxc4 17. Nxc4 Nxc4 18. Rxc4 Bd5 19. Rc2 Qb7 20. Ne1 Nb6 21. Bxd5 Rxd5 22. Rxd5 Nxd5 23. Nd3 Rc8 24. Qd2 Nb6 25. Qc1 Qd5 1/2-1/2

[Event "ROM-ch (Women)"]
[Site "Olanesti"]
[Date "2016.04.06"]
[Round "5"]
[White "Bogdan, Elizaveta"]
[Black "Hrib, Andrada Ioana"]
[Result "0-1"]
[WhiteElo "1761"]
[BlackElo "1722"]
[PlyCount "72"]
[EventDate "2016.04.02"]
[EventType "swiss"]
[EventRounds "9"]
[EventCountry "ROU"]
[SourceTitle "CBM 171 Extra"]
[Source "ChessBase"]
[SourceDate "2016.04.26"]
[SourceVersion "1"]
[SourceVersionDate "2016.04.26"]
[SourceQuality "1"]

1. Nf3 Nf6 2. g3 d5 3. Bg2 c6 4. d3 Bg4 5. Nbd2 Nbd7 6. 0-0 e5 7. e4 Bd6 8. Re1 0-0 9. exd5 cxd5 10. Nf1 Nb6 11. Ne3 Bh5 12. Qd2 Bxf3 13. Bxf3 Re8 14. Nf5 Bf8 15. Qg5 Kh8 16. b3 Ng8 17. Qg4 g6 18. Nh4 Bg7 19. Bb2 Nf6 20. Qb4 Qc7 21. c4 e4 22. dxe4 dxe4 23. Bh1 Nbd7 24. Rad1 Nc5 25. Qd2 Re6 26. b4 Nd3 27. Bxf6 Nxe1 28. Bxg7+ Kxg7 29. Qd4+ Kg8 30. Rxe1 Rd8 31. Qc3 Rd3 32. Qc2 Qe7 33. Bxe4 Rxe4 34. Rb1 Re1+ 35. Rxe1 Qxe1+ 36. Kg2 Qe4+ 0-1

[Event "ROM-ch (Women)"]
[Site "Olanesti"]
[Date "2016.04.04"]
[Round "3"]
[White "Nastase, Andreea Cristina"]
[Black "Hrib, Andrada Ioana"]
[Result "1-0"]
[WhiteElo "2009"]
[BlackElo "1722"]
[PlyCount "109"]
[EventDate "2016.04.02"]
[EventType "swiss"]
[EventRounds "9"]
[EventCountry "ROU"]
[SourceTitle "CBM 171 Extra"]
[Source "ChessBase"]
[SourceDate "2016.04.26"]
[SourceVersion "1"]
[SourceVersionDate "2016.04.26"]
[SourceQuality "1"]

1. d4 Nf6 2. c4 e6 3. Nc3 Bb4 4. e3 0-0 5. Nge2 d5 6. a3 Be7 7. b4 Nbd7 8. cxd5 exd5 9. Ng3 Re8 10. Bd3 Nb6 11. 0-0 c6 12. Qb3 Be6 13. Nce2 Ne4 14. Nf4 Nxg3 15. Nxe6 fxe6 16. hxg3 Bf6 17. Bb2 e5 18. dxe5 Bxe5 19. Bxe5 Rxe5 20. b5 Qf6 21. f4 Re6 22. Kf2 Rae8 23. Rfe1 Kh8 24. Rac1 Nd7 25. bxc6 bxc6 26. Be2 d4 27. Bg4 dxe3+ 28. Kg1 R6e7 29. Bxd7 Rxd7 30. Qc3 Qxc3 31. Rxc3 Rde7 32. Rxc6 Kg8 33. Kf1 e2+ 34. Kf2 Re3 35. a4 R3e4 36. a5 R8e7 37. Rc5 Re3 38. Rb5 R3e4 39. Rc5 R4e6 40. Rc2 Ra6 41. Ra2 Kf7 42. Rexe2 Rxe2+ 43. Kxe2 Ke6 44. Kf3 Kd6 45. g4 Ke6 46. Re2+ Kf6 47. Re5 Rc6 48. g5+ Kf7 49. Kg4 Rc2 50. g3 g6 51. Rb5 Ke6 52. Rb7 Kd6 53. Rxa7 Ra2 54. Rxh7 Rxa5 55. Rg7 1-0

[Event "Braila Albulet Memorial (Women) 8th"]
[Site "Braila"]
[Date "2015.09.15"]
[Round "8"]
[White "Hrib, Andrada Ioana"]
[Black "Aciu, Malina Andreea"]
[Result "1/2-1/2"]
[WhiteElo "1688"]
[BlackElo "1885"]
[PlyCount "62"]
[EventDate "2015.09.10"]
[EventType "swiss"]
[EventRounds "9"]
[EventCountry "ROU"]
[SourceTitle "EXT 2016"]
[Source "ChessBase"]
[SourceDate "2015.10.08"]
[SourceVersion "1"]
[SourceVersionDate "2015.10.08"]
[SourceQuality "1"]

1. d4 Nf6 2. Bg5 c5 3. Bxf6 exf6 4. dxc5 Bxc5 5. e3 0-0 6. Bc4 d6 7. Nf3 Nc6 8. 0-0 Bg4 9. h3 Bh5 10. Nbd2 Qe7 11. Nb3 Bb6 12. Qd5 Bg6 13. Qd2 Ne5 14. Bd5 Rac8 15. Nfd4 Nc6 16. c3 Qd7 17. a4 Ne7 18. Bf3 a6 19. Rad1 Rfd8 20. Ne2 Rc4 21. a5 Ba7 22. Nf4 h6 23. Nxg6 Nxg6 24. Qe2 Ne5 25. Bd5 Rcc8 26. Rd2 Qc7 27. Rfd1 Kh8 28. Kh1 Re8 29. Nd4 Bxd4 30. cxd4 Ng6 31. Qd3 Red8 1/2-1/2

[Event "Braila Albulet Memorial (Women) 8th"]
[Site "Braila"]
[Date "2015.09.11"]
[Round "2"]
[White "Hrib, Andrada Ioana"]
[Black "Trimbitaru, Cornelia"]
[Result "1-0"]
[WhiteElo "1688"]
[BlackElo "1432"]
[PlyCount "85"]
[EventDate "2015.09.10"]
[EventType "swiss"]
[EventRounds "9"]
[EventCountry "ROU"]
[SourceTitle "EXT 2016"]
[Source "ChessBase"]
[SourceDate "2015.10.08"]
[SourceVersion "1"]
[SourceVersionDate "2015.10.08"]
[SourceQuality "1"]

1. f4 f5 2. b3 Nf6 3. Bb2 e6 4. Nf3 g6 5. e3 Bg7 6. Be2 0-0 7. 0-0 d6 8. Na3 c6 9. c4 Na6 10. d4 Nc7 11. Nc2 Nce8 12. b4 Ne4 13. Qd3 h6 14. Nd2 Nxd2 15. Qxd2 g5 16. Bf3 g4 17. Be2 h5 18. Ne1 h4 19. Nd3 Nf6 20. a4 Ne4 21. Qc2 Bh8 22. c5 Rf7 23. cxd6 Qxd6 24. Nc5 Nxc5 25. dxc5 Qf8 26. Bxh8 Kxh8 27. Rfd1 Rd7 28. Bc4 Qf6 29. Qb3 Rxd1+ 30. Rxd1 Kg7 31. Rd6 Kf7 32. Rd1 Ke7 33. Qd3 Kf7 34. Qd8 Qxd8 35. Rxd8 g3 36. Rh8 b6 37. Rxh4 gxh2+ 38. Rxh2 Kg7 39. g3 Bd7 40. Rd2 Bc8 41. Rd6 bxc5 42. bxc5 Bb7 43. Rd7+ 1-0

[Event "EU-chT U18 Girls"]
[Site "Iasi"]
[Date "2014.07.20"]
[Round "6.4"]
[White "Hrib, Andrada Ioana"]
[Black "Wu, Min"]
[Result "1-0"]
[WhiteElo "1607"]
[BlackElo "1891"]
[PlyCount "42"]
[EventDate "2014.07.15"]
[EventType "team-swiss"]
[EventRounds "7"]
[EventCountry "ROU"]
[SourceTitle "CBM 161 Extra"]
[Source "ChessBase"]
[SourceDate "2014.08.29"]
[SourceVersion "1"]
[SourceVersionDate "2014.08.29"]
[SourceQuality "1"]
[WhiteTeam "Romania U18 Girls II"]
[BlackTeam "Austria U18 Girls"]
[WhiteTeamCountry "ROU"]
[BlackTeamCountry "AUT"]

1. d4 d5 2. Nf3 Nf6 3. Bg5 Ne4 4. Bf4 c5 5. e3 Nc6 6. c4 e6 7. Be2 Be7 8. 0-0 0-0 9. Nc3 Nxc3 10. bxc3 b6 11. Qc2 Bd6 12. Bxd6 Qxd6 13. cxd5 exd5 14. c4 dxc4 15. dxc5 Qxc5 16. Qxc4 Qxc4 17. Bxc4 Rd8 18. Rfd1 Bb7 19. h3 h6 20. a3 Rac8 21. Bd5 Na5 1-0

[Event "EU-chT U18 Girls"]
[Site "Iasi"]
[Date "2014.07.18"]
[Round "4.5"]
[White "Hincu, Olga"]
[Black "Hrib, Andrada Ioana"]
[Result "0-1"]
[WhiteElo "2011"]
[BlackElo "1607"]
[PlyCount "162"]
[EventDate "2014.07.15"]
[EventType "team-swiss"]
[EventRounds "7"]
[EventCountry "ROU"]
[SourceTitle "CBM 161 Extra"]
[Source "ChessBase"]
[SourceDate "2014.08.29"]
[SourceVersion "1"]
[SourceVersionDate "2014.08.29"]
[SourceQuality "1"]
[WhiteTeam "Moldova U18 Girls"]
[BlackTeam "Romania U18 Girls II"]
[WhiteTeamCountry "MDA"]
[BlackTeamCountry "ROU"]

1. c4 f5 2. Nc3 Nf6 3. g3 g6 4. Bg2 Bg7 5. d3 d6 6. e4 c6 7. Nge2 0-0 8. 0-0 e5 9. Rb1 Be6 10. exf5 Bxf5 11. Ne4 Qc7 12. N2c3 Nbd7 13. b4 Nxe4 14. dxe4 Be6 15. Qd3 Nb6 16. c5 dxc5 17. bxc5 Nd7 18. Be3 Rad8 19. Qc2 Nf6 20. h3 Rf7 21. Qa4 a6 22. Qb4 h5 23. Rb2 Kh7 24. Rfb1 Bc8 25. Na4 Bh6 26. Bxh6 Kxh6 27. Nb6 Rd4 28. Qb3 Kg7 29. Qe3 Nd7 30. Nxc8 Qxc8 31. Qc3 Nf6 32. f4 Nxe4 33. Bxe4 Rxe4 34. fxe5 Kh7 35. Qb3 Kg7 36. Qc3 Kh7 37. Qb3 Re7 38. Rf2 Qg8 39. Qc3 Rf7 40. Rfb2 Qc8 41. Kg2 Re7 42. Rf2 Qe6 43. Rfb2 Rxe5 44. Rxb7 Qxa2+ 45. Kg1 Qe2 46. Qd4 Qe3+ 47. Qxe3 Rxe3 48. Rxe7+ Rxe7 49. Rb6 Re6 50. Rxa6 Kg7 51. Kf2 Kf6 52. Ra2 Re5 53. Rc2 Ke6 54. Kf3 Kd5 55. g4 h4 56. Kf4 g5+ 57. Kf3 Kd4 58. Rc1 Re3+ 59. Kg2 Rc3 60. Rd1+ Kxc5 61. Rf1 Rd3 62. Rc1+ Kd5 63. Rf1 Re3 64. Rd1+ Kc4 65. Rc1+ Rc3 66. Rf1 Kb3 67. Rf5 c5 68. Rxg5 Rg3+ 69. Kh2 c4 70. Rh5 c3 71. Rxh4 Rd3 72. Rh8 Rd4 73. Rb8+ Rb4 74. Rc8 c2 75. Rxc2 Kxc2 76. Kg3 Kd3 77. h4 Ke4 78. h5 Ke5 79. Kh3 Ke6 80. Kg3 Kf6 81. Kh4 Ra4 0-1

[Event "ROM-ch U14 Girls"]
[Site "Calimanesti"]
[Date "2014.04.11"]
[Round "7"]
[White "Stanciu, Andreea Briana"]
[Black "Hrib, Andrada Ioana"]
[Result "1/2-1/2"]
[WhiteElo "1775"]
[BlackElo "1596"]
[PlyCount "67"]
[EventDate "2014.04.06"]
[EventType "swiss"]
[EventRounds "9"]
[EventCountry "ROU"]
[SourceTitle "CBM 160 Extra"]
[Source "ChessBase"]
[SourceDate "2014.07.01"]
[SourceVersion "1"]
[SourceVersionDate "2014.07.01"]
[SourceQuality "1"]

1. e4 c5 2. Nf3 d6 3. d4 cxd4 4. Nxd4 Nf6 5. Nc3 a6 6. Be2 e6 7. Be3 Be7 8. 0-0 0-0 9. f4 Nbd7 10. Qe1 Nc5 11. Bf3 e5 12. Nde2 b6 13. fxe5 dxe5 14. Qg3 Re8 15. Qxe5 Bd6 16. Qd4 Qc7 17. g3 Be5 18. Qd2 Bxc3 19. Nxc3 Nfxe4 20. Nxe4 Nxe4 21. Qd4 Qe7 22. Bxe4 Qxe4 23. Qxe4 Rxe4 24. Bxb6 Rb4 25. Rfd1 Be6 26. Bd4 Bg4 27. Bc3 Bxd1 28. Bxb4 Bxc2 29. Re1 g6 30. Kf2 Rb8 31. Bd6 Rd8 32. Bb4 Rb8 33. Bd6 Rd8 34. Bb4 1/2-1/2